书目信息 |
| 题名: |
并行程序设计导论
|
|
| 作者: | Peter S. Pacheco 著 | |
| 分册: | ||
| 出版信息: | 北京 机械工业出版社 2013.01 |
|
| 页数: | 252页 | |
| 开本: | 28cm | |
| 丛书名: | ||
| 单 册: | ||
| 中图分类: | TP311.11 | |
| 科图分类: | ||
| 主题词: | 软件 | |
| 电子资源: | ||
| ISBN: | 7-111-39284-1 | |
| 000 | 00596nam0 2200193 450 | |
| 001 | 1457096183 | |
| 005 | 20140403155556.43 | |
| 010 | @a7-111-39284-1@dCNY49.00 | |
| 100 | @a20140403d2013 km y0chiy0120 ea | |
| 101 | 0 | @achi |
| 102 | @aCN@b110000 | |
| 200 | 1 | @a并行程序设计导论@Abing xing cheng xu she ji dao lun@f(美) Peter S. Pacheco著@F(mei)Peter S.Pacheco zhu |
| 210 | @a北京@c机械工业出版社@d2013.01 | |
| 215 | @a252页@d28cm | |
| 606 | 0 | @a软件 |
| 690 | @aTP311.11@v4 | |
| 701 | 0 | @aPeter S. Pacheco@4著 |
| 801 | 0 | @aCN@b大连网信软件有限公司图书馆·11@c20140403 |
| 905 | @aZUCC@dTP311.11@eM530 | |
| 并行程序设计导论/(美) Peter S. Pacheco著.-北京:机械工业出版社,2013.01 |
| 252页;28cm |
| ISBN 7-111-39284-1:CNY49.00 |
| ● |
| 相关链接 |
|
|
|
正题名:并行程序设计导论
索取号:TP311.11/M530
 
预约/预借
| 序号 | 登录号 | 条形码 | 馆藏地/架位号 | 状态 | 备注 |
| 1 | 492908 | 204929088 | 计算机与数据科学学院资料室/301自科库 47排6列3层/ [索取号:TP311.11/M530] | 在馆 |